000 00462pam a2200169 i 4500
020 _a0721641431
040 _cDLC
082 0 0 _a301 SAU 1978 A074 Or.
100 1 _aGodbey, Geoffrey.
245 1 0 _aRecreation, park, and leisure services :
_bfoundations, organization, administration /
260 _aPhiladelphia :
_bSaunders,
_c1978.
300 _aix, 364 p. :
_bill. ;
_c27 cm.
650 0 _aRecreation
650 0 _aParks
650 0 _aLeisure
942 _cEK
999 _c15070
_d15070